00402nam a2200145 a 4500008004100000020001500041050001900056100001700075245004600092260002600138300002200164350000900186500001800195650004300213120416s2000 ||||||||||||||||| || u a0750650486 aTK 7868.D5 Med aMeddins, Bob10aIntroduction to digital signal processing aOxfordbNewnesc2000. axii, 161p. : ill. a0.00 aBibliography. aSignal processing - Digital techniques